000 01401nam a22003737a 4500
003 CHAP
005 20220329143729.0
008 110425s2011 mx r 00010 spa d
010 _a101027
011 _a101999
035 _a112687
040 _cCHAP
090 _aTesis
100 1 _aGarcía Ramírez, Michel.
_946488
245 1 0 _aSistema de información geográfica para las unidades de riego de la zona de mitigación del exlago de Texcoco
_h[En línea]
_c/por Michel García Ramírez
260 _aChapingo, Méx. :
_bEl autor,
_c2011
502 _aTesis (Ing. en Irrigación) -- UACH. Departamento de Irrigacón
590 _aALEPH
_b10
_c20130110
_lUCH01
_h1540
590 _aBATCH-UPD
_b10
_c20130110
_lUCH01
_h1303
590 _aBATCH-UPD
_b10
_c20130410
_lUCH01
_h0820
590 _aBATCH-UPD
_b10
_c20130914
_lUCH01
_h1531
590 _aBATCH-UPD
_b10
_c20140324
_lUCH01
_h1524
590 _aBATCH-UPD
_b10
_c20141002
_lUCH01
_h0848
590 _aCONVERSION
_b10
_c20130109
_lUCH01
_h1356
650 1 4 _aAgua para irrigacion.
_92430
650 1 4 _aGeografía
_zMéxico (Edo.).
_947566
650 1 4 _aLago de Texcoco.
_964410
650 1 4 _aParcelas.
_985484
650 1 4 _aSistema de información.
_9106707
856 _3Finding aid
_uhttp://10.13.5.2/tesis/112687.pdf
_zTeclea aqui
901 _aBK
942 _cTESIS
949 _aTesis
_bBC
_cTES
_d33724002256579
_eTS1
_gDonaciØn
_h52191
_i112687
_st
999 _c101027
_d101027